=LDR 00000nam 2200000 4500 =001 NUTBA000000000004026 =005 20140902091919.0 =006 =007 =008 =020 ##$$a 978-602-8479-86-8 =035 ##$$a 0010-091400000000059 =040 ##$$a NBPDMAT =082 ##$$a 540.7 =084 ##$$a 540.7 Agu s =100 ##$$a Agus Kamaludin =245 ##$$a Soal dan penyelesaian uji kompetensi Kimia untuk SMA dan MA / $c Agus Kamaludin,Jamil Suprihatingrum =250 ##$$a Cet. 1 =260 ##$$a Yogyakarta : $b Pustaka Pelajar , $c 2010 =300 ##$$a 659 hlm. : $b ilus. ; $c 23 cm. =650 ##$$a Kimia-SMA-soal,dsb =990 ##$$a 21409207 =990 ##$$a 0001/BPAP-NTB/20142014 =990 ##$$a 0001/BPAP-NTB/20142014 =990 ##$$a 0001/BPAP-NTB/20142014 =990 ##$$a 0001/BPAP-NTB/20142014 =990 ##$$a 0001/BPAP-NTB/20142014